| 000 | 00497nam a2200133Ia 4500 | ||
|---|---|---|---|
| 008 | 250506s9999 xx 000 0 und d | ||
| 024 | _a11B-80-EL, 11B-81-EL, 11B-94-EL & 11B-136-EL | ||
| 082 | _a658.072 ABD | ||
| 100 | _aAbdul Basit Ameen, Muhammad Essam Ismail, Salik Rasheed & Taha Asif | ||
| 245 | 0 | _aWater Distribution management System with Real Time Monitoring Through PLC | |
| 260 |
_aKarachi: _bUIT, _c2011 |
||
| 600 | _aElectronic Engineering | ||
| 650 | _aBachelor of Engineering (BE) | ||
| 999 |
_c28096 _d28096 |
||